Govt. of
Madhya Pradesh

हिन्‍दी कवियों की मार्क्‍सवादी विचारधारा का तुलनात्‍मक अध्‍ययन (Record no. 55111)

MARC details
000 -LEADER
fixed length control field 00734nam a22001697a 4500
003 - CONTROL NUMBER IDENTIFIER
control field MACL
005 - DATE AND TIME OF LATEST TRANSACTION
control field 20160727132129.0
008 - FIXED-LENGTH DATA ELEMENTS--GENERAL INFORMATION
fixed length control field 160727b xxu||||| |||| 00| 0 eng d
040 ## - CATALOGING SOURCE
Transcribing agency MACL
041 ## - LANGUAGE CODE
Language code of text/sound track or separate title Hindi
082 ## - DEWEY DECIMAL CLASSIFICATION NUMBER
Classification number 800 VYA
100 ## - MAIN ENTRY--PERSONAL NAME
Personal name व्‍यास, सत्‍य प्रकाश
9 (RLIN) 65485
245 ## - TITLE STATEMENT
Title हिन्‍दी कवियों की मार्क्‍सवादी विचारधारा का तुलनात्‍मक अध्‍ययन
Statement of responsibility, etc. सत्‍य प्रकाश व्‍यास
260 ## - PUBLICATION, DISTRIBUTION, ETC. (IMPRINT)
Place of publication, distribution, etc. गाजियाबाद
Name of publisher, distributor, etc. लता साहित्‍य सदन
Date of publication, distribution, etc. 2007
650 ## - SUBJECT ADDED ENTRY--TOPICAL TERM
Topical term or geographic name as entry element काव्‍य समीक्षा
9 (RLIN) 48818
942 ## - ADDED ENTRY ELEMENTS (KOHA)
Source of classification or shelving scheme
Koha item type Hindi Books

No items available.